| 000 | 00416nam a2200133 4500 | ||
|---|---|---|---|
| 082 |
_a387.7360973 _bNAT |
||
| 100 |
_aT.R.B-N.R.C Washington _938385 |
||
| 245 | _aFuture Development of the U.S Airport Network | ||
| 260 |
_aWashington _bTransportation Research Board National Research Council _c1988 |
||
| 300 |
_a46, P _c18 CM |
||
| 526 |
_a0 _b0 _c0 _d387_736097300000000_NAT |
||
| 650 |
_aMCE _9379 |
||
| 942 |
_2ddc _cBK |
||
| 999 |
_c543012 _d543012 |
||